Backstreet Boys Discography - Statistics

General Stats
  • This quiz has been taken 168 times
    89 since last reset
  • The average score is 8 of 16
Answer Stats
Year Name Type % Correct
1997 Backstreet Boys Compilation
97%
2000 Black & Blue Album
89%
1997 Backstreet's Back Album
88%
2019 DNA Album
70%
1999 Millennium Album
67%
1996 Backstreet Boys Album
63%
2009 This Is Us Album
59%
2005 Never Gone Album
58%
2013 In a World Like This Album
56%
2007 Unbreakable Album
55%
2001 The Hits - Chapter One Compilation
47%
2022* A Very Backstreet Christmas Holiday Album
39%
1998 A Night Out with the Backstreet Boys Live Album
9%
2015 The Box Set Series Backstreet Boys Box Set
6%
2013 The Essential Backstreet Boys Compilation
6%
2016 The New Best Of Compilation
5%
No matching quizzes found
Score Distribution
Percent of People with Each Score
Percentile by Number Answered
Your Score History
You have not taken this quiz since the last reset